LEADER 04229nam 22006615 450 001 9910851996503321 005 20250808085335.0 010 $a3-031-53521-9 024 7 $a10.1007/978-3-031-53521-5 035 $a(CKB)31636478200041 035 $a(DE-He213)978-3-031-53521-5 035 $a(MiAaPQ)EBC31302728 035 $a(Au-PeEL)EBL31302728 035 $a(EXLCZ)9931636478200041 100 $a20240422d2024 u| 0 101 0 $aeng 135 $aur||||||||||| 181 $ctxt$2rdacontent 182 $cc$2rdamedia 183 $acr$2rdacarrier 200 10$aProduct Lifecycle Management (Volume 6) $eIncreasing the Value of PLM with Innovative New Technologies /$fby John Stark 205 $a1st ed. 2024. 210 1$aCham :$cSpringer Nature Switzerland :$cImprint: Springer,$d2024. 215 $a1 online resource (XIV, 254 p. 79 illus., 44 illus. in color.) 225 1 $aDecision Engineering,$x2197-6589 311 08$a3-031-53520-0 327 $aIntroduction to Product Lifecycle Management -- Big Data and PLM -- Product Lifecycle Management and Product Data Exchange -- Introduction to the Digital Thread -- PLM and the Digital Thread -- Artificial Intelligence and Product Lifecycle Management systems -- CAD, PLM and EcoDesign - status and perspectives -- PLM and Sustainability -- Introduction to Digital Twins in PLM -- BIM and PLM: Fundamental concepts, objectives and characteristics -- Systems Engineering -- Technology and Digital Transformation -- Digital Transformation and Business Processes -- An Example of Digital Transformation -- PLM and the Internet of Things (IoT) -- Practical PLM and IoT Education -- PLM in the Fashion Industry -- PLM in Engineering Education: Purpose and Challenges. 330 $aThis book is about the relationship between Product Lifecycle Management (PLM) and new technologies that have emerged in the early years of the twenty-first century. The technologies addressed include the Internet of Things (IoT), Artificial Intelligence (AI), Digital Thread, Digital Twins, Big Data, digital transformation, sustainable products, and Systems Engineering. Product Lifecycle Management is the business activity of managing, in the most effective way, a company?s products all the way across their lifecycles?from the very first idea for a product all the way through until it is retired and disposed of. PLM is a key technology for all manufacturing and engineering companies as it manages their products from Ideation, through Definition, Realisation, and Use to Retirement. The basics of PLM have been addressed in previous volumes in this series. Due to its wide span across a company, PLM has many interactions with other key technologies and systems. This Volume 6 of Product Lifecycle Management looks at the relationship of PLM to other technologies and strategies that have emerged in the twenty-first century and are used by manufacturing companies. The book also includes chapters addressing PLM education in different industry sectors such as mechanical engineering and electronic engineering. 410 0$aDecision Engineering,$x2197-6589 606 $aEngineering design 606 $aIndustrial engineering 606 $aProduction engineering 606 $aProduction management 606 $aOperations research 606 $aManagement science 606 $aEngineering Design 606 $aIndustrial and Production Engineering 606 $aProduction 606 $aOperations Research, Management Science 615 0$aEngineering design. 615 0$aIndustrial engineering. 615 0$aProduction engineering. 615 0$aProduction management. 615 0$aOperations research. 615 0$aManagement science. 615 14$aEngineering Design. 615 24$aIndustrial and Production Engineering. 615 24$aProduction. 615 24$aOperations Research, Management Science. 676 $a620.0042 700 $aStark$b John$4aut$4http://id.loc.gov/vocabulary/relators/aut$09058 801 0$bMiAaPQ 801 1$bMiAaPQ 801 2$bMiAaPQ 906 $aBOOK 912 $a9910851996503321 996 $aProduct Lifecycle Management (Volume 6)$94253594 997 $aUNINA LEADER 04213nam0 2200697 i 450 001 RMS1013696 005 20251003044344.0 010 $a881410817X 020 $aIT$b2004-12002 100 $a20110822d2003 ||||0itac50 ba 101 | $aita 102 $ait 181 1$6z01$ai $bxxxe 182 1$6z01$an 200 1 $aˆLe ‰garanzie di effettività dei diritti nei sistemi policentrici$eatti del Convegno, Roma, 9 giugno 2003$fa cura di Giorgio Berti e Gian Candido De Martin 210 $aMilano$cGiuffrè$d2003 215 $a352 p.$d23 cm 225 | $aPubblicazioni del Centro di ricerca sulle amministrazioni pubbliche Vittorio Bachelet.$i Collana di quaderni$v33 300 $aIn testa al front.: Luiss, Libera università internazionale degli studi sociali Guido Carli; CNEL, Consiglio nazionale dell'economia e del lavoro; Centro di ricerca sulle amministrazioni pubbliche Vittorio Bachelet. 410 0$1001TO00369875$12001 $aPubblicazioni del Centro di ricerca sulle amministrazioni pubbliche Vittorio Bachelet.$i Collana di quaderni$v33$171202$aCentro di ricerca sulle amministrazioni pubbliche Vittorio Bachelet$3TO0V182227 606 $aDecentramento politico$xCongressi$x2003$2FIR$3CFIC151660$9I 606 $aDecentramento amministrativo$xCongressi$x2003$2FIR$3CFIC151662$9I 606 $aTutela dei diritti$xCongressi$x2003$2FIR$3CFIC151663$9I 676 $a320.8$9GOVERNO LOCALE$v21 676 $a342$9DIRITTO COSTITUZIONALE E AMMINISTRATIVO$v12 676 $a342.085$9DIRITTO ALLE ATTIVITA INDIVIDUALI$v20 696 $aConvegni$aCongressi e convegni 696 $aConvegni$aCongressi e convegni$aFederalismo amministrativo 696 $aConvegni$aCongressi e convegni$aTutela$aDiritti 699 $aCongressi$yConvegni 699 $aCongressi$yCongressi e convegni 699 $aCongressi$yConvegni 699 $aCongressi$yCongressi e convegni 699 $aDecentramento amministrativo$yFederalismo amministrativo 699 $aCongressi$yConvegni 699 $aCongressi$yCongressi e convegni 699 $aTutela dei diritti$xTutela$xDiritti 702 1$aDe Martin$b, Gian Candido$3CFIV005690 702 1$aBerti$b, Giorgio$f <1927-2007>$3CFIV047749 712 02$aCNEL$3CFIV004803 712 02$aCentro di ricerca sulle amministrazioni pubbliche Vittorio Bachelet$3TO0V182227 791 02$aConseil national de l'économie et du travail$3CFIV134009$zCNEL 791 02$aEconomy and labour national council$3CFIV134731$zCNEL 791 02$aItalia$b : Consiglio nazionale dell'economia e del lavoro$3CFIV156625$zCNEL 791 02$aConsiglio nazionale dell'economia e del lavoro$3CFIV158538$zCNEL 791 02$aConseil national de l'économie et du travail$3CFIV134009$zCNEL 791 02$aEconomy and labour national council$3CFIV134731$zCNEL 791 02$aItalia$b : Consiglio nazionale dell'economia e del lavoro$3CFIV156625$zCNEL 791 02$aConsiglio nazionale dell'economia e del lavoro$3CFIV158538$zCNEL 791 02$aLibera università internazionale degli studi sociali$b : Centro di ricerca sulle amministrazioni pubbliche Vittorio Bachelet$3CFIV159564$zCentro di ricerca sulle amministrazioni pubbliche Vittorio Bachelet 791 02$aLUISS$b : Centro di ricerca sulle amministrazioni pubbliche Vittorio Bachelet$3CFIV159607$zCentro di ricerca sulle amministrazioni pubbliche Vittorio Bachelet 791 02$aLibera università internazionale degli studi sociali Guido Carli$b : Centro di ricerca sulle amministrazioni pubbliche Vittorio Bachelet$3CFIV167775$zCentro di ricerca sulle amministrazioni pubbliche Vittorio Bachelet 791 02$aCentro di ricerca sulle amministrazioni pubbliche$3CFIV174395$zCentro di ricerca sulle amministrazioni pubbliche Vittorio Bachelet 801 3$aIT$bIT-000000$c20110822 850 $aIT-BN0095 901 $bNAP 01$cD $n$ 912 $aRMS1013696 950 0$aBiblioteca Centralizzata di Ateneo$d 01D (C) 20 348$e 01C 0800203485 VMA 1 v.$fY $h20121203$i20121203 977 $a 01 996 $aGaranzie di effettività dei diritti nei sistemi policentrici$967187 997 $aUNISANNIO